7 Langkah MENJANA PENDAPATAN Melalui You Tube

Bibliographic Details
Main Author: Hisham Fauzi (Author)
Format: Book
Language:Malay
Published: Petaling Jaya, Selangor : TrueWealth Sdn Bhd 2015
Edition:Edisi Pertama
Subjects:

MARC

LEADER 00000cam a2200000 7i4500
001 0000029243
005 20241126.0
008 210507 my may
020 |a 9789674160555 
040 |a INS   |b eng   |e rda 
090 0 0 |a HF5415.1265   |b H57 2015 
100 0 |a Hisham Fauzi ,   |e author 
245 1 0 |a 7 Langkah MENJANA PENDAPATAN Melalui You Tube   |c HISHAM FAUZI 
246 3 3 |a Tujuh Langkah Menjana Pendapatan Melalui You Tube 
250 |a Edisi Pertama 
264 1 |a Petaling Jaya, Selangor :   |b TrueWealth Sdn Bhd   |c 2015 
264 4 |c ©2015 
300 |a ii, 204 pages ;   |c 21 cm. 
336 |a text  |2 rdacontent 
337 |a unmediated  |2 rdamedia 
338 |a volume  |2 rdacarrier 
650 0 |a Internet advertising 
650 0 |a Internet marketing 
650 0 |a Internet videos 
650 0 |a Webcasting 
999 |a 1000004226   |b BOOK   |c Open Shelf   |e Default branch